| 000 | 00564nam a2200157Ia 4500 | ||
|---|---|---|---|
| 008 | 170221s9999 xx 000 0 und d | ||
| 100 | _aBoyang Zhang | ||
| 245 | 4 | _aThe Issue Arena of a Corporate Social Responsibility Crisis – The Volkswagen Case in Twitter | |
| 245 | _cBoyang Zhang, Vos Marita, Jari Veijalainen, Shuaiqiang Wang, Denis Kotkov | ||
| 260 | _bStudies in Media and Communication | ||
| 260 | _c2015 | ||
| 300 | _a35 : 6 | ||
| 650 | _xCommunication | ||
| 650 | _xMedia Arts | ||
| 856 | _uhttp://redfame.com/journal/index.php/smc/issue/view/74 | ||
| 999 |
_c310707 _d310707 |
||